00971 a2200169 45000010006000000050017000060080041000230030015000640400040000790800073001192450048001922640032002403000018002725050480002900410008007701000023007784129920260407155706.0260407a1968 arg spa dAR-UNSa-BCEJYS aAR-UNSa-BCEJYSbspacAR-UNSa-BCEJYS a347.91xProcedimientos civiles particulares (Derecho Procesal Civil)10aDerecho procesal civil, comercial y laboral 1aBuenos Aires :bEDIARc1968 a11 v.c23 cm. aVol I: Tratado de la competencia - Vol II: Tratado de los actos procesales - Vol. III: Tratado de la tercería - Vol. IV: Tratado de las medidas cautelares - Vol V: Tratado de los recursos - Vol. VI: Tratado del proceso ordinario y de las pruebas - Vol VII: Tratado de las ejecuciones - Vol VIII: Tratado de los procesos atípicos - Vol. IX: Tratado de los procesos universales - Vol. X: Tratado de los procesos sumario y sumarísimo - Vol XI: Tratado del proceso laboral aspa1 aPodetti, J. Ramiro